000 00850cam a2200217 a 4500
020 _a9780470958513
020 _a0470958510
040 _cDLC
082 0 0 _a636 WIL 2012 A042 Or.
100 1 _aBacha, William J
245 1 0 _aColor atlas of veterinary histology /
250 _a3rd ed
260 _aChichester, West Sussex :
_bWiley-Blackwell,
_c2012
300 _axiii, 342 pages :
_billustrations (chiefly color) ;
_c29 cm +
_eCD-ROM (4 3/4 in.)
520 _aAccompanying DVD-ROM contains ... "more than 900 photomicrographs ..., offering interactive functionality with zoom capability ... [which serves as] an interactive histology atlas with ... study review questions."--Page 4 of cover
650 0 _aVeterinary histology
650 1 2 _aAnimals, Domestic
650 2 2 _aAnatomy, Veterinary.
700 1 _aBacha, Linda M
942 _cAEDBB
999 _c20820
_d20820